Megacities : από την πραγματική στη φανταστική πόλη
Αποθηκεύτηκε σε:
| Μορφή: | Βιβλίο |
|---|---|
| Γλώσσα: | Greek |
| Δημοσίευση: |
Θεσσαλονίκη :
Φεστιβάλ Κινηματογράφου Θεσσαλονίκης,
2000.
|
| Ετικέτες: |
Προσθήκη ετικέτας
Δεν υπάρχουν, Καταχωρήστε ετικέτα πρώτοι!
|
MARC
| LEADER | 00000nam a2200000 a 4500 | ||
|---|---|---|---|
| 001 | 1/127071 | ||
| 008 | 230720s2000####gr | ||| |||| ||gre|| | ||
| 040 | |a GR-MyUa |b gre |c GR-MyUa |e AACR2 | ||
| 082 | 7 | |2 (23) | |
| 245 | 0 | 0 | |a Megacities : |b από την πραγματική στη φανταστική πόλη / |c επιμέλεια κειμένων: Άννα Μηλώση, Μαρία Ιωάννου. |
| 260 | |a Θεσσαλονίκη : |b Φεστιβάλ Κινηματογράφου Θεσσαλονίκης, |c 2000. | ||
| 300 | |a 93 σ. : |b εικ. ; |c 28 εκ. | ||
| 500 | |a Η έκδοση αυτή πραγματοποιήθηκε με την ευκαιρία του αφιερώματος "Megacities: από την πραγματική στην φανταστική πόλη", που έγινε στη Θεσσαλονίκη από 5 έως 18 Μαΐου 2000 στον κινηματογράφο "Ολύμπιον" και στην Αίθουσα Τέχνης "Μύλος", στο πλαίσιο των εκδηλώσεων του Φεστιβάλ Θεσσαλονίκης 2000 "Η πόλη και ο χρόνος". | ||
| 970 | |a Κοντού |b Παρασκευή |z 20/07/2023 | ||